Score 0/30 Timer 04:00
1 Play Today
Clue 5-Letter Word % Correct
Yellow ____, disease transmitted by mosquitoesFEVER
95.9%
Yellow ____ Road, Dorothy and Toto's trailBRICK
94.2%
Yellow ____, telephone directoryPAGES
93.4%
'There's no ____ like home'PLACE
93%
Darkest colorBLACK
89.4%
____ of mind, calm or easePEACE
87.9%
Fuzzy fruitPEACH
87.7%
Bodily organLIVER
87.6%
Natives of Great BritainBRITS
86.4%
Segments of a wholePARTS
85.5%
Simple machine associated with ArchimedesLEVER
85%
Property of Marge and Homer's sonBART'S
83.2%
Flat and evenLEVEL
82%
Yellow ____, Yangtze's smaller counterpartRIVER
81.4%
Removes the skin fromPARES
80.6%
Clue 5-Letter Word % Correct
Outmoded electronic gadgetPAGER
79.9%
Irish bread, often served around HalloweenBRACK
79.6%
Old Scottish coinPLACK
79.4%
Alcoholic beverageLAGER
78.6%
Yellow ____, North American freshwater fishPERCH
78%
Large cat hybridLIGER
77.9%
Lures with foodBAITS
76.9%
Acronym of five major emerging economiesBRICS
76.5%
Ron Weasley's prefect brotherPERCY
76.1%
Enjoy or take pleasure inREVEL
73.9%
Yellow-____, a cowardly personBELLY
70.9%
____ Como, quintessential croonerPERRY
69.9%
Blue-, Logan- or Boysen- BERRY
67.7%
Wrinkle or shrinkRIVEL
65.8%
Hugo ____, Chilean soccer playerBERLY
55.1%

Today's Daily Dose

Remove Ads.
Support Sporcle.
Get the best of Sporcle when you Go Orange. This ad-free experience offers more features, more stats, and more fun while also helping to support Sporcle. Thank you for becoming a member.

You're not logged in!

Compare scores with friends on all Sporcle quizzes.
OR
Log In

Show Comments

Extras

Top Quizzes Today


Score Distribution

Your Account Isn't Verified!

In order to create a playlist on Sporcle, you need to verify the email address you used during registration. Go to your Sporcle Settings to finish the process.

Report this User

Report this user for behavior that violates our Community Guidelines.

Details: